200 Biggest Places In North America - Statistics

General Stats
  • This quiz has been taken 21 times
  • The average score is 71 of 200
Answer Stats
Capital? Country/State Population Answer % Correct
🟦 Mexico 22.8 Million Mexico City
100%
New York 8.1 Million New York City
95%
Canada 6.5 Million Toronto
95%
Illinois 2.7 Million Chicago
90%
Mexico 5.6 Million Guadalajara
90%
Texas 2.3 Million Houston
90%
California 4 Million Los Angeles
90%
Canada 4.4 Million Montreal
90%
🟦 Canada 1.5 Million Ottawa
90%
🟦 Texas 931.8K Austin
86%
🟦 Panama 2.1 Million Panama City
86%
🟦 Haiti 3.1 Million Port-au-Prince
86%
🟦 Costa Rica 1.5 Million San Jose
86%
California 1 Million San Jose
86%
🟦 Dominican Republic 3.6 Million Santo Domingo
86%
Texas 1.3 Million Dallas
81%
🟦 Cuba 2.2 Million Havana
81%
Pennsylvania 1.6 Million Philadelphia
81%
🟦 Arizona 1.6 Million Phoenix
81%
California 1.4 Million San Diego
81%
California 864.8K San Francisco
81%
🟦 El Salvador 1.1 Million San Salvador
81%
Canada 2.7 Million Vancouver
81%
🟦 Massachusetts 667.1K Boston
76%
Canada 1.6 Million Edmonton
76%
🟦 Guatemala 3.2 Million Guatemala City
76%
🟦 Indiana 829.7K Indianapolis
76%
Florida 441K Miami
76%
Mexico 5.3 Million Monterrey
76%
🟦 Tennessee 530K Nashville
76%
Washington (State) 684.4K Seattle
76%
Mexico 2.3 Million Tijuana
76%
Canada 857.3K Winnipeg
76%
Canada 1.7 Million Calgary
71%
🟦 Colorado 682.5K Denver
71%
Texas 833.3K Fort Worth
71%
Nevada 623.7K Las Vegas
71%
Tennessee 655.7K Memphis
71%
Pennsylvania 304.3K Pittsburgh
71%
🟦 California 490.7K Sacramento
71%
Texas 1.5 Million San Antonio
71%
Arizona 531.6K Tucson
71%
North Carolina 827K Charlotte
67%
Ohio 850.1K Columbus
67%
Michigan 677.1K Detroit
67%
Texas 681.1K El Paso
67%
Mexico 1.3 Million Juarez
67%
Missouri 475.3K Kansas City
67%
🟦 Jamaica 603.7K Kingston
67%
🟦 Nicaragua 1.1 Million Managua
67%
🟦 Oklahoma 631.3K Oklahoma City
67%
Oregon 632.3K Portland
67%
Mexico 3.4 Million Puebla
67%
Canada 528.5K Quebec
67%
🟦 North Carolina 451K Raleigh
67%
Florida 369K Tampa
67%
🟦 Honduras 1.6 MIllion Tegucigalpa
67%
🟦 Washington (D.C.) 601.7K Washington D.C.
67%
Alaska 298.6K Anchorage
62%
Ohio 388K Cleveland
62%
Colorado 456.5K Colorado Springs
62%
🟦 Trinidad and Tobago 546.5K Port of Spain
62%
Missouri 315.6K St. Louis
62%
Oklahoma 403.5K Tulsa
62%
California 350.7K Anaheim
57%
🟦 Georgia 463.8K Atlanta
57%
California 373.6K Bakersfield
57%
Maryland 621.8K Baltimore
57%
Ohio 296.6K Cincinnati
57%
🟦 Hawaii 371.6K Honolulu
57%
Floida 868K Jacksonville
57%
Louisiana 389.6K New Orleans
57%
Nebraska 443.8K Omaha
57%
New Mexico 559.1K Albuquerque
52%
Texas 388.1K Arlington
52%
Mexico 1.1 Million Cancun
52%
California 520K Fresno
52%
Canada 426.1K Halifax
52%
Arizona 471.8K Mesa
52%
Wisconsin 600K Milwaukee
52%
Minnesota 410.9K Minneapolis
52%
Virginia 452.7K Virginia Beach
52%
Texas 324K Corpus Christi
48%
Canada 793K Hamilton
48%
Kentucky 314.4K Lexington-Fayette
48%
California 419.2K Oakland
48%
Kansas 389.9K Wichita
48%
Colorado 359.4K Aurora
43%
Mexico 1.2 Million Chihuahua
43%
Canada 346.7K London
43%
California 474.1K Long Beach
43%
California 322.4K Riverside
43%
Canada 351.9K Saskatoon
43%
Mexico 489.3K Toluca
43%
Mexico 1.2 Million Aguascalientes
38%
Canada 599.7K Kitchener
38%
Canada 405.4K Victoria
38%
Mexico 1.3 Million Merida
33%
Mexico 1 Million Veracruz
33%
Canada 668.5K Mississauga
29%
Honduras 1 Million San Pedro Sula
29%
California 335.7K Santa Ana
29%
California 305.6K Stockton
29%
Canada 394.9K Surrey
29%
Canada 433.8K Brampton
24%
Mexico 944.3K Hermosillo
24%
Canada 346.6K Windsor
24%
Mexico 918.4K Culiacan
19%
Mexico 1.1 Million Saltillo
19%
Cuba 443.2K Santiago de Cuba
19%
Mexico 1.1 Million Tampico
19%
Mexico 608.8K Torreon
19%
Canada 376.8K Laval
14%
Mexico 492K Mazatlan
14%
Mexico 1.2 Million Mexicali
14%
Mexico 1 Million Morelia
14%
Canada 418.3K Oshawa
14%
Mexico 578.3K Puerto Vallarta
14%
Mexico 1 Million Reynosa
14%
Cuba 313.7K Camaguey
10%
Mexico 391.9K Ciudad Victoria
10%
Mexico 447.3K Colima
10%
Mexico 1.7 Million Ecatepec de Morelos
10%
Cuba 319.1K Holguin
10%
Mexico 603.6K Matamoros
10%
Dominican Republic 1.2 Million Santiago de los Caballeros
10%
Mexico 537.1K Tuxtla
10%
Mexico 361.7K Uruapan
10%
Mexico 1 Million Villahermosa
10%
Mexico 399K Zacatecas
10%
Mexico 1.1 Million Zapopan
10%
Costa Rica 435.2K Alajuela
5%
Mexico 727.2K Celaya
5%
Mexico 408.1K Ciudad Obregon
5%
Mexico 374.8K Cordoba
5%
Mexico 1.2 Million Cuernavaca
5%
Mexico 363.1K Ensenada
5%
Costa Rica 359.4K Heredia
5%
Mexico 1.2 Million Leon de los Aldama
5%
Mexico 341.7K Los Mochis
5%
Mexico 372.8K Miguel Hidalgo
5%
Mexico 385.9K Monclova
5%
Mexico 480.6K Nuevo Laredo
5%
Panama 321.5K San Miguelito
5%
Mexico 1 Million Acapulco de Juarez
0%
Mexico 726.6K Alvaro Obregon
0%
Mexico 414.7K Azcapotzalco
0%
Mexico 385.4K Benito Juarez
0%
Haiti 442.1K Carrefour
0%
Mexico 467.1K Ciudad Apodaca
0%
Mexico 352.4K Ciudad General Escobedo
0%
Mexico 489.1K Ciudad Lopez Mateos
0%
Mexico 1.1 Million Ciudad Nezahualcoyotl
0%
Mexico 422.6K Coatzacoalcos
0%
Mexico 620K Coyoacan
0%
Mexico 531.8K Cuauhtemoc
0%
Mexico 484.5K Cuautitlan Izcalli
0%
Haiti 382.9K Delmas 73
0%
Canada 347.9K Etobicoke
0%
Mexico 673.6K Guadalupe
0%
Mexico 1.2 Million Gustavo Adolfo Madero
0%
Mexico 449.8K Heroica Matamoros
0%
Mexico 489.7K Irapuato
0%
Mexico 1.8 Million Itzapalapa
0%
Mexico 322.2K Ixtapaluca
0%
Mexico 384.3K Iztacalco
0%
Mexico 427.7K Minatitlan
0%
Guatemala 473K Mixco
0%
Mexico 792.2K Naucalpan de Juarez
0%
Jamaica 583.9K New Kingston
0%
Tennessee 641.6K New South Memphis
0%
Canada 636K North York
0%
Canada 297.6K Okanagan
0%
Mexico 505K Orizaba
0%
Mexico 692.7K Pachuca de Soto
0%
Mexico 598.4K Poza Rica de Hidalgo
0%
Mexico 1.3 Million Sam Luis Potosi
0%
Mexico 443.2K San Nicolas de los Garza
0%
Mexico 612.3K Santa Maria Chimalhuacan
0%
Mexico 626.4K Santiago de Queretaro
0%
Dominican Republic 700K Santo Domingo Este
0%
Dominican Republic 701.2K Santo Domingo Oeste
0%
Canada 600K Scarborough
0%
Massachusetts 571.2K South Boston
0%
El Salvador 329.7K Soyapango
0%
Mexico 366.9K Tehuacan
0%
Mexico 601.4K Tepic
0%
Mexico 305K Tlahuac
0%
Mexico 653.4K Tlalnepantla
0%
Mexico 575.5K Tlalpan
0%
Mexico 575.9K Tlaquepaque
0%
Mexico 646K Tlaxcala
0%
Mexico 408.7K Tonala
0%
Mexico 430K Venustiano Carranza
0%
Mexico 518.7K Victoria de Durango
0%
Guatemala 406.8K Villa Nueva
0%
North Carolina 338.7K West Raleigh
0%
Mexico 424.7K Xalapa de Enriquez
0%
Mexico 356.3K Xico
0%
Mexico 407.8K Xochimilco
0%
No matching quizzes found
Score Distribution
Percent of People with Each Score
Percentile by Number Answered
Your Score History
You have not taken this quiz